[Event "IND-chT IIT 57th"]
[Site "Indore"]
[Date "2024.12.16"]
[Round "7.2"]
[White "Aditya, Guhagarkar"]
[Black "Walde, Varad"]
[Result "1/2-1/2"]
[WhiteElo "2046"]
[BlackElo "1732"]
[PlyCount "120"]
[EventDate "2024.12.10"]
[EventType "team-swiss"]
[EventRounds "7"]
[EventCountry "IND"]
[SourceTitle "CB04_2025"]
[SourceDate "2025.01.22"]
[SourceVersion "1"]
[SourceVersionDate "2025.01.22"]
[SourceQuality "1"]
[WhiteTeam "Indore"]
[BlackTeam "Bombay"]
[WhiteTeamCountry "IND"]
[BlackTeamCountry "IND"]

1. e4 c5 2. Nc3 a6 3. Nge2 d6 4. g3 b5 5. Bg2 Bb7 6. d4 cxd4 7. Nxd4 Nf6 8. 0-0 Nbd7 9. Re1 e5 10. Nf5 Qc7 11. Ne3 Nb6 12. a4 b4 13. a5 bxc3 14. axb6 cxb2 15. Bxb2 Qxb6 16. Ba3 Qc7 17. Nf5 Rd8 18. Bb4 Rd7 19. Ne3 Be7 20. Bh3 Nxe4 21. Nd5 Qc6 22. Bxd7+ Kxd7 23. Qg4+ Ke8 24. Qxe4 Qxd5 25. Qxd5 Bxd5 26. f4 Bc4 27. fxe5 d5 28. Reb1 Bb5 29. Bd6 Bd8 30. Rd1 Kd7 31. Bc5 Ke6 32. Bd4 h5 33. Ra3 h4 34. g4 Be7 35. Rc3 h3 36. Kf2 Bb4 37. Rf3 Be7 38. Rb3 Rh4 39. Kf3 Rh8 40. Rdb1 Kd7 41. Rxb5 axb5 42. Rxb5 Rc8 43. Rb7+ Ke6 44. Rb6+ Kd7 45. c3 Bc5 46. Rb3 Bxd4 47. cxd4 Rc2 48. Kg3 Rd2 49. Rb7+ Ke6 50. Rb6+ Ke7 51. Rb4 Rd3+ 52. Kh4 Ke6 53. Ra4 Kd7 54. g5 g6 55. Kg4 Ke6 56. Rb4 Ke7 57. Rb7+ Ke6 58. Rb6+ Ke7 59. Rb4 Ke6 60. Rb6+ Ke7 1/2-1/2

[Event "IND-chT IIT 57th"]
[Site "Indore"]
[Date "2024.12.10"]
[Round "1.3"]
[White "Prakul, Balaji"]
[Black "Aditya, Guhagarkar"]
[Result "0-1"]
[WhiteElo "1512"]
[BlackElo "2046"]
[PlyCount "60"]
[EventDate "2024.12.10"]
[EventType "team-swiss"]
[EventRounds "7"]
[EventCountry "IND"]
[SourceTitle "CB04_2025"]
[SourceDate "2025.01.22"]
[SourceVersion "1"]
[SourceVersionDate "2025.01.22"]
[SourceQuality "1"]
[WhiteTeam "Roorkee"]
[BlackTeam "Indore"]
[WhiteTeamCountry "IND"]
[BlackTeamCountry "IND"]

1. e4 c5 2. c3 Nf6 3. e5 Nd5 4. g3 d6 5. exd6 e6 6. Bg2 Bxd6 7. Nf3 Nc6 8. 0-0 0-0 9. d4 cxd4 10. Nxd4 Nxd4 11. Qxd4 Qc7 12. Nd2 Bd7 13. Ne4 Be5 14. Qc5 Bc6 15. f4 b6 16. Qf2 Bd6 17. Nxd6 Qxd6 18. Rd1 Qe7 19. c4 Nb4 20. Bxc6 Nxc6 21. b3 Rfd8 22. Bb2 Rd7 23. Qf3 Rad8 24. Bc3 Qc5+ 25. Kf1 b5 26. Rxd7 Rxd7 27. cxb5 Qxb5+ 28. Qe2 Rd3 29. Be1 Nd4 30. Qe5 Rf3+ 0-1

[Event "Goa op 1st"]
[Site "Taleigao"]
[Date "2018.10.13"]
[Round "1"]
[White "Aditya, Guhagarkar"]
[Black "Popov, Ivan1"]
[Result "0-1"]
[WhiteElo "1982"]
[BlackElo "2611"]
[PlyCount "76"]
[EventDate "2018.10.13"]
[EventType "swiss"]
[EventRounds "10"]
[EventCountry "IND"]
[SourceTitle "CBM 186 Extra"]
[Source "ChessBase"]
[SourceDate "2018.08.24"]
[SourceVersion "1"]
[SourceVersionDate "2018.08.24"]
[SourceQuality "1"]

1. e4 c5 2. Nc3 a6 3. g3 b5 4. Bg2 Bb7 5. d3 e6 6. Nh3 Nf6 7. 0-0 b4 8. Ne2 d5 9. exd5 Bxd5 10. Nhf4 Bxg2 11. Nxg2 Nc6 12. a3 Be7 13. Ne3 0-0 14. b3 e5 15. Bb2 Nd5 16. axb4 cxb4 17. d4 e4 18. Nxd5 Qxd5 19. Nf4 Qf5 20. Qe2 Bf6 21. Rxa6 Nxd4 22. Bxd4 Bxd4 23. Rxa8 Rxa8 24. Rd1 Rd8 25. Kg2 g5 26. Nh5 g4 27. Nf4 e3 28. f3 Rc8 29. Rd3 h5 30. c4 bxc3 31. Rxd4 c2 32. Nd3 c1Q 33. Nxc1 Rc2 34. f4 Rxe2+ 35. Nxe2 Qc2 36. Kf1 Qb1+ 37. Kg2 Qe1 38. Ng1 Qd2+ 0-1

[Event "Mumbai Wealth op 3rd"]
[Site "Mumbai"]
[Date "2018.01.07"]
[Round "9"]
[White "Aditya, Guhagarkar"]
[Black "Goswami, Vedant"]
[Result "0-1"]
[WhiteElo "1791"]
[BlackElo "2157"]
[PlyCount "92"]
[EventDate "2017.12.30"]
[EventType "swiss"]
[EventRounds "9"]
[EventCountry "IND"]
[SourceTitle "CBM 182 Extra"]
[Source "ChessBase"]
[SourceDate "2018.02.23"]
[SourceVersion "1"]
[SourceVersionDate "2018.02.23"]
[SourceQuality "1"]

1. e4 e5 2. Nf3 Nc6 3. Bc4 Nf6 4. d3 Be7 5. c3 0-0 6. Bb3 d6 7. 0-0 Na5 8. Bc2 c5 9. Nbd2 Nc6 10. Re1 Re8 11. Nf1 Bf8 12. Ng3 g6 13. d4 cxd4 14. cxd4 Bg4 15. d5 Nd4 16. Be3 Bxf3 17. gxf3 Qb6 18. Bxd4 exd4 19. Ne2 Rac8 20. Ba4 Re7 21. Qb3 Qxb3 22. Bxb3 d3 23. Nd4 d2 24. Red1 Bh6 25. Nb5 Rc1 26. Nxd6 Rec7 27. Nb5 R7c5 28. Nc3 b5 29. a3 Nd7 30. Kf1 Ne5 31. Ke2 Kf8 32. Rb1 a6 33. h3 Bf4 34. h4 Bh6 35. Ra1 Ke8 36. Rb1 Kd8 37. Rh1 Kd7 38. h5 gxh5 39. Rg1 Kd6 40. Rh1 Bf4 41. Rg1 h4 42. Rh1 h3 43. Ba2 h2 44. Bb3 Rc8 45. Ba2 Rg8 46. Bb3 Rgg1 0-1

[Event "Mumbai Wealth op 3rd"]
[Site "Mumbai"]
[Date "2018.01.04"]
[Round "6"]
[White "Kumar, Gaurav"]
[Black "Aditya, Guhagarkar"]
[Result "0-1"]
[WhiteElo "2231"]
[BlackElo "1791"]
[PlyCount "44"]
[EventDate "2017.12.30"]
[EventType "swiss"]
[EventRounds "9"]
[EventCountry "IND"]
[SourceTitle "CBM 182 Extra"]
[Source "ChessBase"]
[SourceDate "2018.02.23"]
[SourceVersion "1"]
[SourceVersionDate "2018.02.23"]
[SourceQuality "1"]

1. e4 c5 2. Nf3 d6 3. d4 cxd4 4. Nxd4 Nc6 5. Nc3 Nf6 6. Bg5 e6 7. Qd2 Be7 8. 0-0-0 0-0 9. f4 Nxd4 10. Qxd4 Qa5 11. Kb1 h6 12. Bh4 e5 13. Qf2 exf4 14. Nd5 Nxd5 15. Rxd5 Bxh4 16. Qxh4 Qb4 17. Bd3 Be6 18. Rb5 Qd2 19. Rf1 Qxg2 20. Qxf4 b6 21. Qxd6 Rfd8 22. Qg3 Qxf1+ 0-1

[Event "IND-ch U11"]
[Site "Odisha"]
[Date "2014.07.29"]
[Round "8"]
[White "Aditya, Guhagarkar"]
[Black "Karthik, Kumar Pradeep"]
[Result "1/2-1/2"]
[WhiteElo "1526"]
[BlackElo "1454"]
[PlyCount "71"]
[EventDate "2014.07.24"]
[EventType "swiss"]
[EventRounds "11"]
[EventCountry "IND"]
[SourceTitle "CBM 161 Extra"]
[Source "ChessBase"]
[SourceDate "2014.08.29"]
[SourceVersion "1"]
[SourceVersionDate "2014.08.29"]
[SourceQuality "1"]

1. e4 c5 2. c3 d5 3. exd5 Nf6 4. d4 Nxd5 5. Nf3 e6 6. Be2 cxd4 7. cxd4 Bb4+ 8. Bd2 Bxd2+ 9. Qxd2 0-0 10. Nc3 Nc6 11. 0-0 Nce7 12. Rac1 b6 13. a3 Bb7 14. Rfd1 a6 15. Ne1 Nf6 16. Bf3 Ned5 17. Nxd5 Bxd5 18. Bxd5 Qxd5 19. Nf3 Rfc8 20. Qb4 Nd7 21. Ne5 a5 22. Qe7 Nxe5 23. dxe5 Rxc1 24. Rxc1 Qxe5 25. Qb7 Qb8 26. Rc7 Qd8 27. g3 Rb8 28. Qc6 h6 29. Kg2 b5 30. Qc5 Qd3 31. Rxf7 Kxf7 32. Qc7+ Kg6 33. Qxb8 Qe4+ 34. Kg1 Qb1+ 35. Kg2 Qxb2 36. Qb6 1/2-1/2